[Event "Montreal Futurity qual 3rd"]
[Site "Montreal"]
[Date "2003.04.05"]
[Round "2"]
[White "Ramaswamy, Kishor"]
[Black "Laduguie, Patrick"]
[Result "1-0"]
[WhiteElo "1943"]
[BlackElo "1971"]
[PlyCount "41"]
[EventDate "2003.04.??"]
[EventType "swiss"]
[EventRounds "5"]
[EventCountry "CAN"]
[SourceTitle "EXT 2006"]
[Source "ChessBase"]
[SourceDate "2005.11.24"]
[SourceVersion "1"]
[SourceVersionDate "2005.11.24"]
[SourceQuality "1"]

1. d4 Nf6 2. Nf3 g6 3. Bg5 Bg7 4. Nbd2 d5 5. e3 0-0 6. Bd3 c5 7. c3 cxd4 8. exd4 Qd6 9. 0-0 Nc6 10. Re1 Bg4 11. h3 Bxf3 12. Nxf3 Nd7 13. Bb5 Rac8 14. Bxc6 Qxc6 15. Rxe7 a6 16. Qd2 Rfe8 17. Rae1 Rxe7 18. Rxe7 b5 19. Qe3 Bf6 20. Re8+ Rxe8 21. Qxe8+ 1-0